Statistiques concernant Départements aléatoires par préfecture

Cliquez ici pour prendre le quiz!

Statistiques générales

  • Ce quiz a été pris 1 478 fois
  • Le résultat moyen est 18 sur 20

Statistiques - réponses

PréfectureDépartement% Correct
Charleville-MézièresArdennes
100%
CarcassonneAude
100%
StrasbourgBas-Rhin
100%
Saint-BrieucCôtes d'Armor
100%
ValenceDrôme
100%
Évry-CourcouronnesEssonne
100%
BastiaHaute-Corse
100%
ToulouseHaute-Garonne
100%
OrléansLoiret
100%
Saint-LôManche
100%
Fort-de-FranceMartinique
100%
LilleNord
100%
ParisParis
100%
LyonRhône
100%
AjaccioCorse-du-Sud
94%
QuimperFinistère
94%
BordeauxGironde
94%
CayenneGuyane
94%
AngersMaine-et-Loire
94%
ChambérySavoie
94%
NiceAlpes-Maritimes
93%
CaenCalvados
93%
MontpellierHérault
93%
Le MansSarthe
93%
VersaillesYvelines
93%
MarseilleBouches-du-Rhône
92%
AurillacCantal
92%
DijonCôte-d'Or
92%
MendeLozère
92%
BobignySeine-Saint-Denis
92%
BelfortTerritoire de Belfort
92%
BourgesCher
91%
Basse-TerreGuadeloupe
91%
NancyMeurthe-et-Moselle
91%
ArrasPas-de-Calais
91%
RouenSeine-Maritime
91%
TulleCorrèze
90%
NiortDeux-Sèvres
90%
NîmesGard
90%
CahorsLot
90%
AlençonOrne
90%
La RochelleCharente-Maritime
89%
BesançonDoubs
89%
ÉvreuxEure
89%
ToulonVar
89%
TroyesAube
88%
LimogesHaute-Vienne
88%
RennesIlle-et-Vilaine
88%
AgenLot-et-Garonne
88%
AuxerreYonne
88%
MoulinsAllier
87%
ToursIndre-et-Loire
87%
GrenobleIsère
87%
MamoudzouMayotte
86%
AlbiTarn
86%
CréteilVal-de-Marne
86%
BloisLoir-et-Cher
85%
LavalMayenne
85%
MetzMoselle
85%
PerpignanPyrénées-Orientales
85%
MâconSaône-et-Loire
85%
GapHautes-Alpes
84%
RodezAveyron
83%
AnnecyHaute-Savoie
83%
ColmarHaut-Rhin
83%
NanterreHauts-de-Seine
83%
PauPyrénées-Atlantiques
83%
VannesMorbihan
82%
PérigueuxDordogne
81%
AmiensSomme
81%
LaonAisne
80%
VesoulHaute-Saône
80%
ChâteaurouxIndre
80%
Saint-ÉtienneLoire
80%
AvignonVaucluse
80%
La Roche-sur-YonVendée
80%
ÉpinalVosges
80%
Mont-de-MarsanLandes
79%
BeauvaisOise
79%
MontaubanTarn-et-Garonne
79%
PoitiersVienne
79%
ChaumontHaute-Marne
77%
Bar-le-DucMeuse
77%
PontoiseVal-d'Oise
77%
FoixAriège
76%
AngoulêmeCharente
76%
GuéretCreuse
75%
AuchGers
75%
Châlons-en-ChampagneMarne
75%
Clermont-FerrandPuy-de-Dôme
75%
TarbesHautes-Pyrénées
73%
Saint-DenisLa Réunion
73%
NantesLoire-Atlantique
72%
PrivasArdèche
71%
Le Puy-en-VelayHaute-Loire
71%
Digne-les-BainsAlpes-de-Haute-Provence
69%
ChartresEure-et-Loir
69%
NeversNièvre
69%
Bourg-en-BresseAin
67%
MelunSeine-et-Marne
67%
Lons-le-SaunierJura
65%

Distribution des résultats

Percentile par nombre de réponses

% des personnes avec chaque résultat

Votre développement - résultats

Vous n’avez pas pris ce quiz